Largest Countries in the World - Statistics

General Stats
  • This quiz has been taken 52 times
  • The average score is 14 of 16
Answer Stats
Sq km Country % Correct
9,984,670 Canada
100%
9,596,960 China
100%
17,098,242 Russia
100%
7,741,229 Australia
98%
8,515,770 Brazil
98%
3,287,263 India
98%
9,833,517 United States of America
98%
2,381,741 Algeria
92%
1,964,375 Mexico
92%
2,780,400 Kazakhstan
90%
2,149,690 Saudi Arabia
88%
2,344,858 Democratic Republic of the Congo
85%
1,904,569 Indonesia
83%
1,861,484 Sudan
77%
1,759,540 Libya
65%
2,166,086 Greenland/Denmark
56%
No matching quizzes found
Score Distribution
Percent of People with Each Score
Percentile by Number Answered
Your Score History
You have not taken this quiz